Moby Dick/Herman Melville(1819-1891) (Registro nro. 19268)

Detalles MARC
000 -LEADER
fixed length control field 00559nam a22002051a 4500
001 - CONTROL NUMBER
control field 19268
003 - CONTROL NUMBER IDENTIFIER
control field OSt
005 - DATE AND TIME OF LATEST TRANSACTION
control field 20260204212446.0
008 - FIXED-LENGTH DATA ELEMENTS--GENERAL INFORMATION
fixed length control field 190402s2016||||sp ||||||b||||||||||spa||
020 ## - NUMERO DE LIBRO INTERNACIONAL NORMALIZADO
International Standard Book Number 9788494543869
082 ## - DEWEY DECIMAL CLASSIFICATION NUMBER
Classification number 813.4 M531m
100 ## - ASIENTO PRINCIPAL -- NOMBRE PERSONAL
Personal name Melville, Herman
245 ## - TÍTULO PROPIAMENTE DICHO: SUBTÍTULO
Title Moby Dick/Herman Melville(1819-1891)
264 ## - PRODUCTION, PUBLICATION, DISTRIBUTION, MANUFACTURE, AND COPYRIGHT NOTICE
Place of production, publication, distribution, manufacture Barcelona,España : Plutón
300 ## - PHYSICAL DESCRIPTION
Extensión 540 páginas
500 ## - GENERAL NOTE
General note English Classics Collection
505 ## - NOTA DE CONTENIDO
Formatted contents note Incluye índice
650 ## - ASIENTO SECUNDARIO DE MATERIA -- TERMINO TEMÁTICO
Termino Temático Como Elemento de Entrada 1.Literatura estadounidense 2.Novela estadounidenseÌ
942 ## - ADDED ENTRY ELEMENTS (KOHA)
Source of classification or shelving scheme Dewey Decimal Classification
Koha item type Libros
Existencias
Withdrawn status Lost status Source of classification or shelving scheme Damaged status Not for loan Current library Date acquired Total Checkouts Full call number Barcode Date last seen Price effective from Koha item type
    Dewey Decimal Classification     Biblioteca UTECO 09/09/2019   813.4 M531M 018830 09/09/2019 09/09/2019 Libros
    Dewey Decimal Classification     Biblioteca UTECO 09/09/2019   813.4 M531M 018831 09/09/2019 09/09/2019 Libros
    Dewey Decimal Classification     Biblioteca UTECO 09/09/2019   813.4 M531M 018832 09/09/2019 09/09/2019 Libros
© 2021 Derechos Reservados UTECO - Teléfono: +1 809-585-2291 - Correo electrónico: biblioteca@uteco.edu.do​  
Código postal 43000 ​​
Dirección: Avenida Universitaria No. 100, 
Cotuí, Provincia Sánchez Ramírez, República Dominicana - RNC: 404-00059-6